[Event "DEM U14 2023"]
[Site "Willingen GER"]
[Date "2023.06.02"]
[Round "8"]
[White "Jahnz, Laurin"]
[Black "Haubold, Christian Lucas"]
[Result "1/2-1/2"]
[Termination "normal"]
[Board "9"]
[WhiteElo "1896"]
[BlackElo "1949"]
[WhiteClock "00:05:25"]
[BlackClock "00:04:38"]
[PlyCount "190"]
[WhiteFideId "16261089"]
[BlackFideId "16259629"]
[EventCountry "GER"]
[EventRounds "9"]
[EventType "swiss"]
[EventDate "2023.05.27"]

1. e4 {[%clk 01:30:59]} {[%emt 12:42:18]} e5 {[%clk 01:30:54]} {[%emt
00:00:07]} 2. d4 {[%clk 01:31:26]} {[%emt 00:00:03]} exd4 {[%clk 01:30:28]}
{[%emt 00:00:54]} 3. Qxd4 {[%clk 01:31:51]} {[%emt 00:00:05]} Nc6 {[%clk
01:30:17]} {[%emt 00:00:42]} 4. Qe3 {[%clk 01:32:17]} {[%emt 00:00:04]} d6
{[%clk 01:27:16]} {[%emt 00:03:32]} 5. Nc3 {[%clk 01:30:50]} {[%emt 00:01:57]}
Nf6 {[%clk 01:21:43]} {[%emt 00:06:03]} 6. Bd2 {[%clk 01:29:01]} {[%emt
00:02:18]} Be7 {[%clk 01:17:42]} {[%emt 00:04:31]} 7. O-O-O {[%clk 01:29:14]}
{[%emt 00:00:17]} Ng4 {[%clk 01:12:26]} {[%emt 00:05:47]} 8. Qe1 {[%clk
01:26:24]} {[%emt 00:03:19]} h5 {[%clk 00:49:40]} {[%emt 00:23:16]} 9. h3
{[%clk 01:18:24]} {[%emt 00:08:30]} Nf6 {[%clk 00:47:29]} {[%emt 00:02:41]} 10.
f4 {[%clk 01:11:43]} {[%emt 00:07:10]} h4 {[%clk 00:43:30]} {[%emt 00:04:30]}
11. Nf3 {[%clk 01:11:35]} {[%emt 00:00:38]} Nh5 {[%clk 00:42:33]} {[%emt
00:01:27]} 12. Nd5 {[%clk 00:47:57]} {[%emt 00:24:08]} Ng3 {[%clk 00:40:38]}
{[%emt 00:02:25]} 13. Rg1 {[%clk 00:48:22]} {[%emt 00:00:05]} a6 {[%clk
00:34:10]} {[%emt 00:06:58]} 14. Bc3 {[%clk 00:44:19]} {[%emt 00:04:34]} O-O
{[%clk 00:31:52]} {[%emt 00:02:48]} 15. f5 {[%clk 00:39:53]} {[%emt 00:04:56]}
Bg5+ {[%clk 00:25:52]} {[%emt 00:06:31]} 16. Nxg5 {[%clk 00:35:38]} {[%emt
00:04:43]} Qxg5+ {[%clk 00:26:15]} {[%emt 00:00:07]} 17. Bd2 {[%clk 00:33:27]}
{[%emt 00:02:42]} Qd8 {[%clk 00:25:41]} {[%emt 00:01:03]} 18. f6 {[%clk
00:25:40]} {[%emt 00:08:17]} Re8 {[%clk 00:20:58]} {[%emt 00:05:13]} 19. Qe3
{[%clk 00:25:40]} {[%emt 00:00:30]} Rxe4 {[%clk 00:14:09]} {[%emt 00:07:19]}
20. Qg5 {[%clk 00:24:13]} {[%emt 00:01:58]} g6 {[%clk 00:14:07]} {[%emt
00:00:31]} 21. Bd3 {[%clk 00:03:44]} {[%emt 00:20:59]} Re5 {[%clk 00:13:31]}
{[%emt 00:01:06]} 22. Qxh4 {[%clk 00:02:01]} {[%emt 00:02:12]} Rxd5 {[%clk
00:13:06]} {[%emt 00:00:56]} 23. Qxg3 {[%clk 00:02:29]} {[%emt 00:00:02]} Bf5
{[%clk 00:12:15]} {[%emt 00:01:21]} 24. Bxf5 {[%clk 00:02:21]} {[%emt
00:00:38]} Rxf5 {[%clk 00:12:39]} {[%emt 00:00:06]} 25. Rgf1 {[%clk 00:01:59]}
{[%emt 00:00:52]} Qxf6 {[%clk 00:12:39]} {[%emt 00:00:30]} 26. Bc3 {[%clk
00:02:08]} {[%emt 00:00:21]} Qg5+ {[%clk 00:12:31]} {[%emt 00:00:37]} 27. Qxg5
{[%clk 00:02:34]} {[%emt 00:00:05]} Rxg5 {[%clk 00:13:00]} {[%emt 00:00:01]}
28. g4 {[%clk 00:02:18]} {[%emt 00:00:46]} Re8 {[%clk 00:12:28]} {[%emt
00:01:01]} 29. Bf6 {[%clk 00:02:43]} {[%emt 00:00:04]} Rc5 {[%clk 00:10:15]}
{[%emt 00:02:43]} 30. h4 {[%clk 00:02:06]} {[%emt 00:01:08]} Ne5 {[%clk
00:09:25]} {[%emt 00:01:21]} 31. g5 {[%clk 00:01:57]} {[%emt 00:00:38]} Ng4
{[%clk 00:06:33]} {[%emt 00:03:23]} 32. Bd4 {[%clk 00:02:08]} {[%emt 00:00:18]}
Rc6 {[%clk 00:06:04]} {[%emt 00:00:58]} 33. Rf4 {[%clk 00:02:01]} {[%emt
00:00:37]} Ne5 {[%clk 00:06:03]} {[%emt 00:00:32]} 34. Bc3 {[%clk 00:00:47]}
{[%emt 00:01:45]} b5 {[%clk 00:05:06]} {[%emt 00:01:27]} 35. a3 {[%clk
00:01:04]} {[%emt 00:00:13]} Re7 {[%clk 00:04:20]} {[%emt 00:01:15]} 36. Rh1
{[%clk 00:01:04]} {[%emt 00:00:29]} Rc4 {[%clk 00:03:06]} {[%emt 00:01:45]} 37.
Rxc4 {[%clk 00:01:31]} {[%emt 00:00:04]} Nxc4 {[%clk 00:03:14]} {[%emt
00:00:23]} 38. h5 {[%clk 00:01:57]} {[%emt 00:00:03]} Ne5 {[%clk 00:03:19]}
{[%emt 00:00:25]} 39. h6 {[%clk 00:02:21]} {[%emt 00:00:06]} Kh7 {[%clk
00:03:32]} {[%emt 00:00:17]} 40. Rf1 {[%clk 00:02:46]} {[%emt 00:00:05]} Nd7
{[%clk 00:01:04]} {[%emt 00:02:59]} 41. Bd4 {[%clk 00:24:04]} {[%emt 00:09:12]}
Nf8 {[%clk 00:21:24]} {[%emt 00:10:09]} 42. Bf6 {[%clk 00:24:06]} {[%emt
00:00:28]} Rd7 {[%clk 00:21:36]} {[%emt 00:00:19]} 43. Re1 {[%clk 00:24:19]}
{[%emt 00:00:16]} Ne6 {[%clk 00:21:59]} {[%emt 00:00:08]} 44. Kd2 {[%clk
00:24:10]} {[%emt 00:00:39]} c5 {[%clk 00:21:00]} {[%emt 00:01:29]} 45. a4
{[%clk 00:19:46]} {[%emt 00:04:55]} bxa4 {[%clk 00:14:53]} {[%emt 00:06:36]}
46. Ra1 {[%clk 00:18:53]} {[%emt 00:01:23]} Nf4 {[%clk 00:14:16]} {[%emt
00:01:07]} 47. Rxa4 {[%clk 00:17:51]} {[%emt 00:01:31]} Nh5 {[%clk 00:14:38]}
{[%emt 00:00:08]} 48. Bc3 {[%clk 00:17:09]} {[%emt 00:01:12]} d5 {[%clk
00:14:06]} {[%emt 00:01:03]} 49. Be5 {[%clk 00:11:08]} {[%emt 00:06:31]} Re7
{[%clk 00:11:10]} {[%emt 00:03:26]} 50. Bd6 {[%clk 00:10:46]} {[%emt 00:00:53]}
Re6 {[%clk 00:11:25]} {[%emt 00:00:15]} 51. Bxc5 {[%clk 00:11:10]} {[%emt
00:00:06]} f6 {[%clk 00:08:55]} {[%emt 00:03:00]} 52. gxf6 {[%clk 00:11:16]}
{[%emt 00:00:24]} Nxf6 {[%clk 00:09:11]} {[%emt 00:00:14]} 53. Be3 {[%clk
00:10:35]} {[%emt 00:01:11]} g5 {[%clk 00:07:40]} {[%emt 00:02:01]} 54. Kd3
{[%clk 00:05:41]} {[%emt 00:05:24]} Kxh6 {[%clk 00:08:02]} {[%emt 00:00:10]}
55. c4 {[%clk 00:04:03]} {[%emt 00:02:06]} dxc4+ {[%clk 00:07:54]} {[%emt
00:00:37]} 56. Rxc4 {[%clk 00:04:28]} {[%emt 00:00:06]} Kg6 {[%clk 00:07:39]}
{[%emt 00:00:46]} 57. Rc5 {[%clk 00:03:44]} {[%emt 00:01:13]} Nh7 {[%clk
00:06:55]} {[%emt 00:01:14]} 58. b4 {[%clk 00:03:28]} {[%emt 00:00:47]} Kh5
{[%clk 00:06:24]} {[%emt 00:01:01]} 59. b5 {[%clk 00:03:19]} {[%emt 00:00:38]}
axb5 {[%clk 00:06:48]} {[%emt 00:00:06]} 60. Rxb5 {[%clk 00:03:45]} {[%emt
00:00:05]} Kh4 {[%clk 00:05:57]} {[%emt 00:01:20]} 61. Bxg5+ {[%clk 00:04:10]}
{[%emt 00:00:05]} Nxg5 {[%clk 00:06:08]} {[%emt 00:00:19]} 62. Rf5 {[%clk
00:04:23]} {[%emt 00:00:17]} Kg4 {[%clk 00:06:19]} {[%emt 00:00:19]} 63. Rf8
{[%clk 00:04:50]} {[%emt 00:00:02]} Nf3 {[%clk 00:06:35]} {[%emt 00:00:15]} 64.
Kc4 {[%clk 00:04:59]} {[%emt 00:00:21]} Rd6 {[%clk 00:06:35]} {[%emt 00:00:29]}
65. Kc5 {[%clk 00:05:25]} {[%emt 00:00:05]} Rd1 {[%clk 00:06:56]} {[%emt
00:00:09]} 66. Rg8+ {[%clk 00:05:26]} {[%emt 00:00:28]} Kf4 {[%clk 00:07:16]}
{[%emt 00:00:10]} 67. Rf8+ {[%clk 00:05:49]} {[%emt 00:00:08]} Ke4 {[%clk
00:07:39]} {[%emt 00:00:07]} 68. Re8+ {[%clk 00:06:12]} {[%emt 00:00:06]} Ne5
{[%clk 00:08:02]} {[%emt 00:00:07]} 69. Rh8 {[%clk 00:05:58]} {[%emt 00:00:44]}
Rc1+ {[%clk 00:08:21]} {[%emt 00:00:13]} 70. Kb5 {[%clk 00:06:05]} {[%emt
00:00:22]} Nf7 {[%clk 00:07:59]} {[%emt 00:00:52]} 71. Rh7 {[%clk 00:05:55]}
{[%emt 00:00:40]} Rc7 {[%clk 00:06:22]} {[%emt 00:02:07]} 72. Kb6 {[%clk
00:06:06]} {[%emt 00:00:19]} Rd7 {[%clk 00:06:42]} {[%emt 00:00:10]} 73. Rh1
{[%clk 00:06:18]} {[%emt 00:00:17]} Ne5 {[%clk 00:06:29]} {[%emt 00:00:44]} 74.
Re1+ {[%clk 00:05:09]} {[%emt 00:01:39]} Kf5 {[%clk 00:06:49]} {[%emt
00:00:10]} 75. Rh1 {[%clk 00:05:27]} {[%emt 00:00:12]} Rd2 {[%clk 00:06:39]}
{[%emt 00:00:39]} 76. Kc5 {[%clk 00:05:32]} {[%emt 00:00:26]} Nd7+ {[%clk
00:05:55]} {[%emt 00:01:15]} 77. Kc4 {[%clk 00:05:51]} {[%emt 00:00:11]} Nf6
{[%clk 00:05:39]} {[%emt 00:00:45]} 78. Re1 {[%clk 00:04:56]} {[%emt 00:01:28]}
Ng4 {[%clk 00:05:37]} {[%emt 00:00:30]} 79. Kc3 {[%clk 00:03:49]} {[%emt
00:01:37]} Rd8 {[%clk 00:05:55]} {[%emt 00:00:11]} 80. Re7 {[%clk 00:01:51]}
{[%emt 00:02:29]} Ne5 {[%clk 00:05:49]} {[%emt 00:00:36]} 81. Rh7 {[%clk
00:02:16]} {[%emt 00:00:05]} Rd3+ {[%clk 00:06:06]} {[%emt 00:00:13]} 82. Kb4
{[%clk 00:02:43]} {[%emt 00:00:03]} Ke4 {[%clk 00:06:03]} {[%emt 00:00:32]} 83.
Rh8 {[%clk 00:03:05]} {[%emt 00:00:08]} Rd6 {[%clk 00:05:24]} {[%emt 00:01:09]}
84. Rh1 {[%clk 00:03:27]} {[%emt 00:00:09]} Rb6+ {[%clk 00:05:26]} {[%emt
00:00:28]} 85. Kc5 {[%clk 00:03:23]} {[%emt 00:00:33]} Rc6+ {[%clk 00:05:09]}
{[%emt 00:00:48]} 86. Kb5 {[%clk 00:03:49]} {[%emt 00:00:04]} Rc8 {[%clk
00:05:20]} {[%emt 00:00:19]} 87. Rh2 {[%clk 00:03:01]} {[%emt 00:01:18]} Kd4
{[%clk 00:05:31]} {[%emt 00:00:18]} 88. Rd2+ {[%clk 00:03:26]} {[%emt
00:00:05]} Nd3 {[%clk 00:05:36]} {[%emt 00:00:26]} 89. Kb6 {[%clk 00:03:51]}
{[%emt 00:00:06]} Rc3 {[%clk 00:05:50]} {[%emt 00:00:15]} 90. Rd1 {[%clk
00:03:39]} {[%emt 00:00:41]} Kd5 {[%clk 00:05:02]} {[%emt 00:01:18]} 91. Rh1
{[%clk 00:04:03]} {[%emt 00:00:07]} Rc6+ {[%clk 00:04:35]} {[%emt 00:00:55]}
92. Kb5 {[%clk 00:04:13]} {[%emt 00:00:21]} Rc8 {[%clk 00:04:10]} {[%emt
00:00:56]} 93. Kb6 {[%clk 00:04:40]} {[%emt 00:00:03]} Rc6+ {[%clk 00:04:14]}
{[%emt 00:00:26]} 94. Kb5 {[%clk 00:05:03]} {[%emt 00:00:07]} Rc2 {[%clk
00:04:38]} {[%emt 00:00:06]} 95. Kb6 {[%clk 00:05:25]} {[%emt 00:00:08]} Rb2+
{[%emt 00:01:24]} 1/2-1/2

[Event "DEM U14 2023"]
[Site "Willingen GER"]
[Date "2023.06.02"]
[Round "8"]
[White "Burkart, Lloyd Shang"]
[Black "Chugunov, Ivan"]
[Result "1/2-1/2"]
[Termination "normal"]
[Board "10"]
[WhiteElo "1956"]
[BlackElo "1670"]
[WhiteClock "00:14:41"]
[BlackClock "00:23:38"]
[PlyCount "47"]
[WhiteFideId "16239059"]
[BlackFideId "16256808"]
[EventCountry "GER"]
[EventRounds "9"]
[EventType "swiss"]
[EventDate "2023.05.27"]

1. d4 {[%clk 01:30:59]} Nf6 {[%clk 01:30:50]} {[%emt 00:00:11]} 2. Nf3 {[%clk
01:31:24]} {[%emt 00:00:05]} b5 {[%clk 01:30:37]} {[%emt 00:00:43]} 3. Bf4
{[%clk 01:28:49]} {[%emt 00:03:04]} Bb7 {[%clk 01:26:16]} {[%emt 00:04:51]} 4.
e3 {[%clk 01:29:14]} {[%emt 00:00:05]} a6 {[%clk 01:22:16]} {[%emt 00:04:30]}
5. c3 {[%clk 01:29:08]} {[%emt 00:00:36]} e6 {[%clk 01:17:36]} {[%emt
00:05:10]} 6. h3 {[%clk 01:28:04]} {[%emt 00:01:34]} d5 {[%clk 01:14:41]}
{[%emt 00:03:25]} 7. Nbd2 {[%clk 01:27:08]} {[%emt 00:01:26]} Nbd7 {[%clk
01:13:02]} {[%emt 00:02:09]} 8. Bd3 {[%clk 01:26:17]} {[%emt 00:01:20]} Be7
{[%clk 01:10:33]} {[%emt 00:02:59]} 9. O-O {[%clk 01:26:21]} {[%emt 00:00:26]}
O-O {[%clk 01:10:36]} {[%emt 00:00:27]} 10. Qe2 {[%clk 01:17:17]} {[%emt
00:09:34]} c5 {[%clk 01:08:17]} {[%emt 00:02:50]} 11. a4 {[%clk 01:15:21]}
{[%emt 00:02:26]} bxa4 {[%clk 00:59:39]} {[%emt 00:09:08]} 12. Rxa4 {[%clk
01:15:11]} {[%emt 00:00:41]} Qb6 {[%clk 00:59:21]} {[%emt 00:00:47]} 13. Ra2
{[%clk 01:04:03]} {[%emt 00:11:39]} a5 {[%clk 00:51:38]} {[%emt 00:08:13]} 14.
Ne5 {[%clk 00:57:58]} {[%emt 00:06:35]} Rfc8 {[%clk 00:43:19]} {[%emt
00:08:49]} 15. Rfa1 {[%clk 00:46:49]} {[%emt 00:11:39]} Ba6 {[%clk 00:37:29]}
{[%emt 00:06:21]} 16. Bxa6 {[%clk 00:37:24]} {[%emt 00:09:55]} Rxa6 {[%clk
00:30:35]} {[%emt 00:07:24]} 17. dxc5 {[%clk 00:37:05]} {[%emt 00:00:48]} Rxc5
{[%clk 00:29:00]} {[%emt 00:02:05]} 18. Nb3 {[%clk 00:32:53]} {[%emt 00:04:43]}
Rb5 {[%clk 00:25:39]} {[%emt 00:03:51]} 19. Nd4 {[%clk 00:33:14]} {[%emt
00:00:09]} Rc5 {[%clk 00:25:23]} {[%emt 00:00:46]} 20. Nb3 {[%clk 00:25:15]}
{[%emt 00:08:29]} Rb5 {[%clk 00:25:16]} {[%emt 00:00:36]} 21. Nd4 {[%clk
00:25:35]} {[%emt 00:00:10]} Rc5 {[%clk 00:25:31]} {[%emt 00:00:15]} 22. b4
{[%clk 00:14:07]} {[%emt 00:11:59]} Rxc3 {[%clk 00:24:47]} {[%emt 00:01:13]}
23. bxa5 {[%clk 00:14:36]} {[%emt 00:00:02]} Qb7 {[%clk 00:23:38]} {[%emt
00:01:38]} 24. Rb2 {[%clk 00:14:41]} {[%emt 00:00:27]} 1/2-1/2

[Event "DEM U14 2023"]
[Site "Willingen GER"]
[Date "2023.06.02"]
[Round "8"]
[White "Neuhoff, Laertes"]
[Black "Steger, Lukas Daniel"]
[Result "1-0"]
[Termination "normal"]
[Board "11"]
[WhiteElo "2109"]
[BlackElo "1732"]
[WhiteClock "00:14:35"]
[BlackClock "00:01:22"]
[PlyCount "69"]
[WhiteFideId "16279719"]
[BlackFideId "3335151"]
[EventCountry "GER"]
[EventRounds "9"]
[EventType "swiss"]
[EventDate "2023.05.27"]

1. e4 {[%clk 01:30:59]} c5 {[%clk 01:30:56]} {[%emt 00:00:04]} 2. Nf3 {[%clk
01:31:23]} {[%emt 00:00:06]} d6 {[%clk 01:31:19]} {[%emt 00:00:06]} 3. d4
{[%clk 01:31:48]} {[%emt 00:00:05]} cxd4 {[%clk 01:31:43]} {[%emt 00:00:06]} 4.
Nxd4 {[%clk 01:32:12]} {[%emt 00:00:06]} Nf6 {[%clk 01:32:04]} {[%emt
00:00:10]} 5. Nc3 {[%clk 01:32:35]} {[%emt 00:00:08]} a6 {[%clk 01:32:27]}
{[%emt 00:00:08]} 6. g3 {[%clk 01:32:53]} {[%emt 00:00:10]} e5 {[%clk
01:32:49]} {[%emt 00:00:08]} 7. Nb3 {[%clk 01:33:17]} {[%emt 00:00:07]} Be7
{[%clk 01:31:43]} {[%emt 00:01:34]} 8. Bg2 {[%clk 01:33:15]} {[%emt 00:00:33]}
b5 {[%clk 01:31:32]} {[%emt 00:00:42]} 9. a4 {[%clk 01:32:20]} {[%emt
00:01:26]} Bb7 {[%clk 01:31:30]} {[%emt 00:00:32]} 10. axb5 {[%clk 01:15:33]}
{[%emt 00:17:15]} axb5 {[%clk 01:31:51]} {[%emt 00:00:10]} 11. Rxa8 {[%clk
01:15:41]} {[%emt 00:00:22]} Bxa8 {[%clk 01:32:13]} {[%emt 00:00:08]} 12. Qd3
{[%clk 01:14:14]} {[%emt 00:01:58]} Qd7 {[%clk 01:08:48]} {[%emt 00:23:54]} 13.
O-O {[%clk 00:57:51]} {[%emt 00:16:53]} O-O {[%clk 00:48:52]} {[%emt 00:20:25]}
14. Bg5 {[%clk 00:51:11]} {[%emt 00:07:10]} Bc6 {[%clk 00:41:08]} {[%emt
00:08:15]} 15. Rd1 {[%clk 00:49:36]} {[%emt 00:02:05]} Rd8 {[%clk 00:35:40]}
{[%emt 00:05:58]} 16. Bxf6 {[%clk 00:49:24]} {[%emt 00:00:42]} Bxf6 {[%clk
00:35:21]} {[%emt 00:00:50]} 17. Na5 {[%clk 00:47:32]} {[%emt 00:02:22]} b4
{[%clk 00:29:59]} {[%emt 00:05:52]} 18. Nxc6 {[%clk 00:41:35]} {[%emt
00:06:27]} Nxc6 {[%clk 00:29:15]} {[%emt 00:01:14]} 19. Nd5 {[%clk 00:41:22]}
{[%emt 00:00:43]} Be7 {[%clk 00:25:44]} {[%emt 00:04:01]} 20. Qb5 {[%clk
00:35:40]} {[%emt 00:06:12]} Bf8 {[%clk 00:20:21]} {[%emt 00:05:52]} 21. Nxb4
{[%clk 00:33:44]} {[%emt 00:02:26]} Nxb4 {[%clk 00:20:07]} {[%emt 00:00:45]}
22. Qxb4 {[%clk 00:33:55]} {[%emt 00:00:18]} Qc7 {[%clk 00:19:30]} {[%emt
00:01:07]} 23. Qd2 {[%clk 00:32:33]} {[%emt 00:01:52]} Ra8 {[%clk 00:17:26]}
{[%emt 00:02:34]} 24. Rb1 {[%clk 00:29:35]} {[%emt 00:03:28]} Qa7 {[%clk
00:16:17]} {[%emt 00:01:40]} 25. Qd5 {[%clk 00:29:07]} {[%emt 00:00:57]} Rc8
{[%clk 00:16:30]} {[%emt 00:00:17]} 26. c3 {[%clk 00:27:01]} {[%emt 00:02:36]}
Qa4 {[%clk 00:14:07]} {[%emt 00:02:52]} 27. Bf1 {[%clk 00:26:18]} {[%emt
00:01:13]} Rc5 {[%clk 00:14:07]} {[%emt 00:00:32]} 28. Qd3 {[%clk 00:22:06]}
{[%emt 00:04:41]} Qa2 {[%clk 00:14:25]} {[%emt 00:00:12]} 29. b4 {[%clk
00:20:18]} {[%emt 00:02:19]} Rxc3 {[%clk 00:13:40]} {[%emt 00:01:15]} 30. Qxc3
{[%clk 00:20:33]} {[%emt 00:00:15]} Qxb1 {[%clk 00:14:03]} {[%emt 00:00:06]}
31. b5 {[%clk 00:20:47]} {[%emt 00:00:16]} Qxe4 {[%clk 00:03:30]} {[%emt
00:11:03]} 32. b6 {[%clk 00:19:30]} {[%emt 00:01:48]} f5 {[%clk 00:00:51]}
{[%emt 00:03:08]} 33. Qc8 {[%clk 00:15:22]} {[%emt 00:04:38]} f4 {[%clk
00:00:56]} {[%emt 00:00:25]} 34. b7 {[%clk 00:15:11]} {[%emt 00:00:42]} fxg3
{[%clk 00:01:22]} {[%emt 00:00:04]} 35. Qc4+ {[%clk 00:14:35]} {[%emt
00:01:06]} 1-0

[Event "DEM U14 2023"]
[Site "Willingen GER"]
[Date "2023.06.02"]
[Round "8"]
[White "Wunderlich, Elias"]
[Black "Stichter, Constantin Paul"]
[Result "1/2-1/2"]
[Termination "normal"]
[Board "12"]
[WhiteElo "1815"]
[BlackElo "1959"]
[WhiteClock "01:21:51"]
[BlackClock "01:16:20"]
[PlyCount "49"]
[WhiteFideId "34608087"]
[BlackFideId "34603140"]
[EventCountry "GER"]
[EventRounds "9"]
[EventType "swiss"]
[EventDate "2023.05.27"]

1. e4 {[%clk 01:30:59]} {[%emt 00:00:01]} e6 {[%clk 01:31:00]} {[%emt
00:00:01]} 2. d4 {[%emt 00:00:12]} d5 3. Nd2 {[%emt 00:00:20]} Nf6 4. e5 {[%clk
01:31:49]} {[%emt 00:00:07]} Nfd7 {[%clk 01:32:29]} 5. Bd3 {[%clk 01:32:05]}
{[%emt 00:00:13]} c5 {[%clk 01:32:58]} {[%emt 00:00:02]} 6. c3 {[%clk
01:32:29]} {[%emt 00:00:05]} Nc6 {[%clk 01:33:27]} {[%emt 00:00:01]} 7. Ne2
{[%clk 01:32:52]} {[%emt 00:00:06]} cxd4 {[%clk 01:33:57]} {[%emt 00:00:02]} 8.
cxd4 {[%clk 01:33:15]} {[%emt 00:00:08]} f6 {[%clk 01:34:26]} 9. exf6 {[%clk
01:33:32]} {[%emt 00:00:14]} Nxf6 {[%clk 01:34:55]} 10. O-O {[%clk 01:33:51]}
{[%emt 00:00:10]} Bd6 {[%clk 01:35:24]} 11. Nf3 {[%clk 01:34:08]} {[%emt
00:00:14]} O-O {[%clk 01:35:53]} {[%emt 00:00:01]} 12. Bf4 {[%clk 01:34:27]}
{[%emt 00:00:12]} Bxf4 {[%clk 01:36:22]} 13. Nxf4 {[%clk 01:34:48]} {[%emt
00:00:08]} Ne4 {[%clk 01:36:48]} {[%emt 00:00:05]} 14. Nh5 {[%clk 01:35:05]}
{[%emt 00:00:12]} g6 {[%clk 01:25:09]} {[%emt 00:12:10]} 15. Ng3 {[%clk
01:34:39]} {[%emt 00:00:54]} Nxg3 {[%clk 01:24:36]} {[%emt 00:01:03]} 16. hxg3
{[%clk 01:34:22]} {[%emt 00:00:48]} Qf6 {[%clk 01:24:58]} {[%emt 00:00:09]} 17.
Bc2 {[%clk 01:31:31]} {[%emt 00:03:20]} Bd7 {[%clk 01:24:36]} {[%emt 00:00:52]}
18. Qd2 {[%clk 01:30:04]} {[%emt 00:01:57]} Rae8 {[%clk 01:22:05]} {[%emt
00:03:02]} 19. Rfe1 {[%clk 01:27:56]} {[%emt 00:02:37]} Re7 {[%clk 01:20:24]}
{[%emt 00:02:11]} 20. Ne5 {[%clk 01:24:27]} {[%emt 00:03:59]} Nxe5 {[%clk
01:20:00]} {[%emt 00:00:54]} 21. Rxe5 {[%clk 01:24:19]} {[%emt 00:00:38]} Ree8
{[%clk 01:19:57]} {[%emt 00:00:34]} 22. Rae1 {[%clk 01:23:54]} {[%emt
00:00:55]} Rc8 {[%clk 01:19:33]} {[%emt 00:00:54]} 23. b4 {[%clk 01:22:12]}
{[%emt 00:02:12]} Kg7 {[%clk 01:19:11]} {[%emt 00:00:52]} 24. Bb3 {[%clk
01:21:51]} {[%emt 00:00:51]} b5 {[%clk 01:16:20]} {[%emt 00:03:21]} 25. R1e3
{[%emt 00:31:25]} 1/2-1/2